| 000 | 02600nam a2200433 c 4500 | ||
|---|---|---|---|
| 003 | BLK | ||
| 005 | 20180420225147.0 | ||
| 008 | 180408b bul|||||r ||||||| ||bul|| | ||
| 010 | _aKNG00093776000 | ||
| 020 |
_a954-319-020-8 _bиздат.: Шамбала |
||
| 040 | _aBLK | ||
| 041 |
_aBUL _cBUL |
||
| 080 |
_aПарапсихология. Нумерология. - Халюцинации, пророчества, предсказания, магии, демонология, телепатия, спиритизъм, илюзии, нумерология, мошеничество. Вж и 133 ; 398.4 ; 615.851 _b159.961 _x:003.2 _z159.961:003.2 |
||
| 080 |
_aСистема на писмото. Графическо представяне на мисълта-Видове писмо. Пиктографическа и логографическа система, йероглифи, фонологична и сричкова система, азбучно писмо, криптография _b003.2 _x(=916) _z003.2(=916) |
||
| 080 |
_a _b398.3/.4 _x(=916) _z398.3/.4(=916) |
||
| 100 | 1 |
_aМаунтфорт, Пол Рийс _eпърви автор _994358 |
|
| 700 | 1 |
_aВасилева, Ангелина Николова _eпрев. от англ. _9250077 |
|
| 139 |
_aМаунтфорт, Пол Рийс _bМ 40 |
||
| 245 | 1 | 0 |
_aОгами _bКак да променим съдбата си с помощта на келтския оракул _cПол Рийс Маунтфорт; прев. от англ. Ангелина Николова Василева. |
| 257 | _aNZE | ||
| 260 |
_аСофия _bШамбала _c2004 _fСофия : Балкан прес |
||
| 300 |
_a366 с. _c20 см |
||
| 380 | _a1 | ||
| 490 | 1 | _aДуховните традиции | |
| 490 | 1 |
_3Подсерия _aГадателски техники |
|
| 500 | _aОриг. загл. Ogam. How to Read, Create and Shape Your Destiny through the Celtic Oracle / Paul Rhys Mountfort. - Пълното име на прев. е Ангелина Николова Муховска-Василева. - Съдържа и за авт. - Библиогр. с. 353-358. | ||
| 504 | _a353-358 | ||
| 650 | 4 |
_aПредсказания _9167581 |
|
| 650 | 4 |
_aКелтски езици _9158447 |
|
| 650 | 4 |
_aНародни вярвания, келтски _9269771 |
|
| 653 | _aпредсказания | ||
| 653 | _aкелтски езици | ||
| 653 | _aнародни вярвания | ||
| 852 | _aЦб 246731 | ||
| 856 | 4 |
_qpdf _u |
|
| 856 | 4 |
_qpdf _u |
|
| 942 |
_cKNG _n0 |
||
| 944 |
_aCR _c22.01.2010 _kПенка_Димитрова |
||
| 944 |
_aED _c25.01.2010 _k |
||
| 999 |
_c89083 _d89083 |
||